000 00611nam a2200193Ia 4500
003 GCL
008 140319s9999 xx 000 0 ara d
020 _a3196232977
040 _aGCL /
_cGCL
082 0 4 _a338.4791
_bا ت
100 1 _aاحمد الجلاد
245 1 0 _aالتنمية السياحية المتواصلة /
_cاحمد الجلاد
250 _aالاولى
260 _aالقاهرة :
_bعالم الكتب الحديث ،
_c2000
300 _a409 ص ؛
_c24 سم
650 0 4 _aالتنمية الاقتصادية
650 0 4 _aالسياحة - اقتصاديات
942 _2ddc
_cBK
999 _c3466
_d3466